000 00580nam a22002057a 4500
003 OSt
005 20161130133150.0
008 161130b xxu||||| |||| 00| 0 eng d
020 _a047136018X
040 _cDDC
082 _a500.2 ENL 2001
100 _aEnloe, C. Lon [et...al]
_911319
245 _aPhysical Science: what the technology professionsl needs to know
260 _aNew York; John Wiley, 2001
300 _axiii,541p; ill: 28cm
504 _aGlossary, & index included
650 _aPhysical Science
_911265
650 _aTechnology
_91144
942 _2z
_cO_SHELF
999 _c5414
_d5414